000 00965cam a22002054a 4500
005 20250605164053.0
008 250528s ||||||||||||||||||||||||d
035 _a17340
020 _a333914740
040 _aGR-AtMCL
_bgre
_dGR-AtMCL
_eAACR2
245 1 _aEntrepreneurship and Small Business
250 _a1st
260 _bPalgrave Macmillan,
_c2001
300 _a420
520 _aThis book addresses on of the major challenges facing society - how to encourage and develop entrepreneurial skills in a systematic way. Preface, David and Goliath, Heroes and Super-Heroes, Opportunity and Innovation, Start-Up, Start-Up: Making It Happen, Start-Up: Control and Decision-Making, E-Business, Developing a Business Plan, From Entrepreneur to Leader, Growth: Success, Growth: Take-Off, Financing Small Firms, The Family Firm, The Exit, Entrepreneurship Exercises, Index.
700 1 _aBurns Paul
_9992
942 _cBK
999 _c2767
_d2767